000 00947nam a22003610a 4500
001 PT32327
003 AR-LpoUNG
005 20210131225930.0
008 191001s2008||||ag |||||||||||||||||spa d
020 _a9789507866531
_c$16
040 _aAR-LpoUNG
_bspa
_cAR-LpoUNG
_eaacr
041 _aspa
044 _aag
082 0 _aR300 576dic
100 1 _aBiagini, Hugo E.
_edir.
245 1 0 _aDiccionario del pensamiento alternativo
250 _a1§ edición
260 _aBuenos Aires :
_bBiblos,
_c2008.
300 _a589 p. :
_bil.
650 4 _aCIENCIAS SOCIALES
650 4 _aCLASES SOCIALES
650 4 _aCONOCIMIENTO
650 4 _aDICCIONARIOS
650 4 _aGLOBALIZACION
650 4 _aIDEOLOGIAS
650 4 _aMATERIAL DE REFERENCIA
650 4 _aMOVIMIENTOS SOCIALES
650 4 _aSOCIOLOGIA
651 4 _aDOCUMENTOS TEORICOS O METODOLOGICOS
700 1 _aRoig, Arturo A.
_edir.
905 _a32327
942 _cLSALA
999 _c595
_d595